Cahiers victoriens & édouardiens
| Título anterior: | Cahiers d'études et de recherches victoriennes et édouardiennes |
|---|---|
| Autores Corporativos: | , |
| Formato: | Electrónico Revista |
| Lenguaje: | inglés francés |
| Publicado: |
Montpellier, France :
Centre d'études & de recherches victoriennes & édouardiennes, Université Paul Valéry
Montpellier, France : E.M.M.A. (Études montpelliéraines du monde anglophone) |
| Materias: | |
| Acceso en línea: | Full text available from Research Library: 10/01/2009 to 10/31/2012 Full text available from Research Library: 04/01/2013 to 04/30/2013 |
MARC
| LEADER | 00000nas a2200000 a 4500 | ||
|---|---|---|---|
| 001 | ssj0000393903 | ||
| 003 | WaSeSS | ||
| 005 | 20200512172242.0 | ||
| 006 | m d | ||
| 007 | cr n | ||
| 008 | 100712c19789999fr fr p s b 0 b0eng c | ||
| 010 | |a 2013247520 | ||
| 016 | 7 | |a 100966957 |2 DNLM | |
| 022 | |a 2271-6149 |l 0220-5610 |y 0220-5610 | ||
| 035 | |a (WaSeSS)ssj0000393903 | ||
| 040 | |a OCLCE |b eng |c OCLCE |d OCLCQ |d COD |d OCLCF |d OCLCO |d OCLCQ |d OCL |d CUS |d LGG |d WEA |d VT2 |d OCLCA |d U3W |d ZCY |d VVB |d XMC |d XQL |d WYU |d WaSeSS | ||
| 041 | 0 | |a eng |a fre | |
| 042 | |a dlr |a pcc | ||
| 043 | |a e-uk--- |a e-fr--- | ||
| 050 | 4 | |a PR463 |b .C33 | |
| 082 | 0 | 4 | |a 820/.9/008 |2 19 |
| 245 | 0 | 0 | |a Cahiers victoriens & édouardiens |h [electronic resource]. |
| 246 | 1 | 3 | |a Cahiers victoriens et édouardiens |
| 260 | |3 1978-Apr. 2011 |a Montpellier, France : |b Centre d'études & de recherches victoriennes & édouardiennes, Université Paul Valéry | ||
| 260 | 3 | |3 Oct. 2011- |a Montpellier, France : |b E.M.M.A. (Études montpelliéraines du monde anglophone) | |
| 310 | |a Semiannual | ||
| 362 | 0 | |a No 6 (mars 1978)- | |
| 506 | |a License restrictions may limit access. | ||
| 538 | |a Master and use copy. Digital master created according to Benchmark for Faithful Digital Reproductions of Monographs and Serials, Version 1. Digital Library Federation, December 2002. |u http://purl.oclc.org/DLF/benchrepro0212 |5 MiAaHDL | ||
| 546 | |a English and French. | ||
| 583 | 1 | |a digitized |c 2010 |h HathiTrust Digital Library |l committed to preserve |2 pda |5 MiAaHDL | |
| 588 | |a Description based on print version record. | ||
| 588 | |a Latest issue consulted: 75 (Apr 2012) (ProQuest, viewed Aug. 16, 2013). | ||
| 648 | 7 | |a 1800-1999 |2 fast | |
| 650 | 0 | |a English literature |y 19th century |x History and criticism |v Periodicals. | |
| 650 | 0 | |a English literature |y 20th century |x History and criticism |v Periodicals. | |
| 650 | 0 | |a Criticism |z France |v Periodicals. | |
| 650 | 0 | |a Dissertations, Academic |z France |v Bibliography |v Periodicals. | |
| 650 | 6 | |a Littérature anglaise |y 19e siècle |x Histoire et critique |v Périodiques. | |
| 650 | 6 | |a Littérature anglaise |y 20e siècle |x Histoire et critique |v Périodiques. | |
| 650 | 6 | |a Critique |z France |v Périodiques. | |
| 650 | 6 | |a Thèses et écrits académiques |z France |v Bibliographie |v Périodiques. | |
| 650 | 7 | |a Criticism. |2 fast |0 (OCoLC)fst00883735 | |
| 650 | 7 | |a Dissertations, Academic. |2 fast |0 (OCoLC)fst00895423 | |
| 650 | 7 | |a English literature. |2 fast |0 (OCoLC)fst00911989 | |
| 651 | 7 | |a France. |2 fast |0 (OCoLC)fst01204289 | |
| 655 | 0 | |a Electronic journals. | |
| 710 | 2 | |a Université Paul Valéry. |b Centre d'études et de recherches victoriennes et édouardiennes. | |
| 710 | 2 | |a Université Paul Valéry. |b Équipe d'accueil 741 Études des pays anglophones. | |
| 776 | 1 | |c Original |w (DLC) 83641548 |w (OCoLC)4636595 | |
| 780 | 0 | 0 | |t Cahiers d'études et de recherches victoriennes et édouardiennes |
| 856 | 4 | 0 | |z Full text available from Research Library: 10/01/2009 to 10/31/2012 |u https://search.proquest.com/publication/60364 |
| 856 | 4 | 0 | |z Full text available from Research Library: 04/01/2013 to 04/30/2013 |u https://search.proquest.com/publication/2034459 |